000 01498nam a2200325 i 4500
001 bg
003 BPK
005 20191016080518.0
008 s2004 pl f |100 0 pol
020 _a837365058X
040 _cBPK
041 0 _apol
_beng
080 _a62
080 _a(06)
111 2 _aKonferencja Studentów i Młodych Pracowników Nauki Wydziału Mechanicznego
_n(1 ;
_d2004 ;
_cKoszalin).
245 1 0 _aMateriały I Konferencji Studentów i Młodych Pracowników Nauki Wydziału Mechanicznego :
_bXVI Tydzień Kultury studenckiej 10-14 maj 2004 /
_cpod red. Marka Fligla, Leona Kukiełki ; Politechnika Koszalińska. Wydział Mechaniczny.
246 3 0 _aMateriały pierwszej Konferencji Studentów i Młodych Pracowników Nauki Wydziału Mechanicznego
246 3 0 _aKonferencja Studentów i Młodych Pracowników Nauki Wydziału Mechanicznego
260 _aKoszalin :
_bWydawnictwo Uczelniane Politechniki Koszalińskiej,
_c2004.
300 _a59 s. :
_bil. ;
_c24 cm.
500 _aStreszcz. przy ref.
504 _aBibliogr. przy ref.
650 4 _aTechnika
655 4 _aMateriały konferencyjne
700 1 _aFligiel, Marek
_eRedakcja
700 1 _aKukiełka, Leon
_d(1951- )
_eRedakcja
856 _uhttp://koha.tu.koszalin.pl/cgi-bin/koha/opac-detail.pl?biblionumber=44625
_yKatalog online BPK
856 _uhttp://dlibra.tu.koszalin.pl/dlibra/docmetadata?id=456&from=&dirids=1&ver_id=&lp=1&QI=
_yBiblioteka Cyfrowa
942 _cKS
_2UKD
999 _c44625
_d44625